000 01209cam a2200337 i 4500
001 13807994
003 EG-ScBUE
005 20240909093714.0
008 041207t2005 gw a f b 101 0 eng d
020 _a3540243186
020 _a9783540243182
040 _aCUI
_beng
_erda
_cCUI
_dC$Q
_dDLC
_dEG-ScBUE
082 0 4 _222
_a511.35
_bIMP
111 2 _aCIAA (Conference)
_d(2004 :
_cKingston, Ont.)
245 1 0 _aImplementation and application of automata :
_b9th international conference, CIAA 2004, Kingston, Canada, July 22-24, 2004 : revised selected papers /
_cMichael Domaratzki [and three others]
246 3 0 _aCIAA 2004
264 1 _aBerlin ;
_aNew York :
_bSpringer,
_c[2005]
264 4 _cc2005
300 _axii, 336 pages :
_billustrations ;
_c24 cm.
336 _2rdacontent
_atext
_btxt
337 _aunmediated
_2rdamedia
_bn
338 _avolume
_bnc
_2rdacarrier
490 0 _aLecture notes in computer science,
_x0302-9743 ;
_v3317
504 _aIncludes bibliographical references and index.
650 7 _aMachine theory
_vCongresses.
_2BUEsh
651 _2BUEsh
653 _bCOMSCI
_cDecember2016
655 _vReading book
700 1 _aDomaratzki, Michael,
_eauthor.
942 _2ddc
_cBB
999 _c23765
_d23737